[Event "FIDE-Wch k.o."]
[Site "Groningen"]
[Date "1997.12.20"]
[Round "5.2"]
[White "Shirov, Alexei"]
[Black "Anand, Viswanathan"]
[Result "1/2-1/2"]
[WhiteElo "2700"]
[BlackElo "2765"]
[Annotator "Shirov,A"]
[PlyCount "116"]
[EventDate "1997.12.09"]
[EventType "k.o."]
[EventRounds "7"]
[EventCountry "NED"]
[SourceTitle "CBM 063"]
[Source "ChessBase"]
[SourceDate "1998.03.26"]
[SourceVersion "1"]
[SourceVersionDate "1998.03.26"]
[SourceQuality "1"]

1. e4 e5 2. Nf3 Nf6 3. d4 Nxe4 4. Bd3 d5 5. Nxe5 Nd7 6. Nxd7 Bxd7 7. O-O Bd6 8.
Nc3 Nxc3 9. bxc3 O-O 10. Qh5 f5 11. Rb1 b6 12. Re1 Qf6 13. Qf3 c6 $1 $146 (
13... Kh8 14. Bf4 $14) 14. Bf4 b5 $1 $13 15. Qg3 (15. Bxd6 Qxd6 16. Re5 Rae8
17. Rbe1 Rxe5 18. Rxe5 $6 Qa3 $15) (15. h4 $5) 15... Bxf4 16. Qxf4 Rf7 17. Kf1
$1 (17. h4 Re7 $11) 17... Raf8 $1 (17... Re7 18. Rxe7 Qxe7 19. Re1 $14) 18. Re2
Qd8 $1 19. Rbe1 Qb8 20. Qh4 Qd8 $1 (20... Qd6 21. Re7 $14) 21. Qf4 Qb8 22. Re5
Qd6 23. Qc1 $1 a6 $6 (23... f4 $1 $132) 24. f4 $1 $14 g6 25. R1e3 Kg7 26. h4 $5
(26. Kg1 $14) 26... h5 $5 27. Kg1 Rh8 28. Be2 Rhf8 29. Bf3 Qf6 30. Qe1 Qd6 31.
Kh2 Kh7 32. Qg3 $6 (32. Kh3 Kh6 33. g3 Kh7 34. a4 bxa4 (34... Kh6 35. axb5 axb5
36. Qa1 Rf6 37. Qa6 Be6 38. Re1 Bd7 39. Kg2 Be6 40. Kf2 Bd7 41. Qa7 Kg7 42. Ra1
(42. Qc5 $2 Qxc5 43. dxc5 Ra8) 42... Re6 43. Ke3 Rfe8 44. Kd3 R6e7 45. Qb6 Re6
46. Ra7 Kf8 47. Kd2 Ke7 48. Kc1 Kf6 49. Kb2 Rb8 50. Qa5 b4 51. Kb3 bxc3+ 52.
Kxc3 $14) 35. c4 dxc4 36. Qc3 $14) 32... Qf6 33. Kh3 Kh6 34. Be2 Kh7 35. Bf3
Kh6 36. Be2 $2 (36. Qe1 $14) 36... Kh7 37. Kh2 Kh6 38. Kg1 Kh7 39. Bd3 Kg7 40.
Kf2 Ra8 41. Qg5 Rc8 42. Re1 Rb8 43. a4 Rc8 44. a5 $6 (44. axb5 axb5 45. Qxf6+ (
45. Ra1 Qd6 $132) 45... Kxf6 46. Ra1 Rff8 47. Ra6 Kf7 48. Ra7 Rfd8 49. Ke3 Ra8
$11) 44... Rb8 $11 45. R1e3 Kf8 46. Rg3 (46. Ke1 Qxg5 47. hxg5 Re8 $1 $11)
46... Kg7 47. Ke3 (47. Qxh5 Rh8 48. Qf3 Rxh4 $11) 47... Qxg5 48. Rxg5 (48. hxg5
Re8 $11) 48... Rf6 49. Kd2 Kf7 50. Kc1 Be6 51. Kb2 Rh8 52. Kb3 Ke7 53. Kb4 Kd6
54. Rg3 Rb8 55. Rge3 Rb7 56. Be2 Rb8 57. Bf3 Rc8 58. Re1 Rb8 1/2-1/2

[Event "FIDE-Wch k.o."]
[Site "Groningen"]
[Date "1997.12.28"]
[Round "7.3"]
[White "Adams, Michael"]
[Black "Anand, Viswanathan"]
[Result "1/2-1/2"]
[WhiteElo "2680"]
[BlackElo "2765"]
[Annotator "ChessBase"]
[PlyCount "69"]
[EventDate "1997.12.09"]
[EventType "k.o."]
[EventRounds "7"]
[EventCountry "NED"]
[SourceTitle "CBM 063"]
[Source "ChessBase"]
[SourceDate "1998.03.26"]
[SourceVersion "1"]
[SourceVersionDate "1998.03.26"]
[SourceQuality "1"]

1. e4 c5 2. Nc3 Nc6 3. Nf3 g6 4. Bb5 Bg7 5. O-O d6 6. d3 Bd7 7. a4 (7. Nd5 e6
8. Ne3 Nge7 9. c3 O-O 10. d4 Nxd4 11. Nxd4 cxd4 12. Bxd7 dxe3 13. Qxd6 exf2+
14. Rxf2 Nc6 15. Bf4 Qb6 16. Rd1 Rad8 17. Qc7 Bd4 18. cxd4 Qxc7 19. Bxc7 Rxd7
20. Bg3 f5 21. d5 exd5 22. Rxd5 Rdf7 23. exf5 Rxf5 24. Rfxf5 Rxf5 25. Rd7 Rf7
26. Rd6 Kf8 27. a3 {1/2-1/2 Szabo,L-Averbakh,Y/Zuerich ct 1953/CAND}) (7. Re1
Nd4 8. Bxd7+ Qxd7 9. Nxd4 cxd4 10. Ne2 Rc8 11. b4 e5 12. Bd2 Ne7 13. c3 dxc3
14. Nxc3 O-O 15. Qb3 h6 16. Rec1 Kh7 17. Nd5 Nxd5 18. Qxd5 Rxc1+ 19. Rxc1 Rc8
20. Rxc8 Qxc8 21. g3 Qd7 22. b5 Bf8 23. Be3 b6 24. Kg2 Kg7 25. a4 Be7 26. d4
Qc7 27. Qc6 Bd8 28. Qxc7 Bxc7 29. f4 f5 30. Kf3 exd4 31. Bxd4+ Kf7 32. g4 Ke6
33. exf5+ gxf5 34. g5 hxg5 35. fxg5 Kf7 36. Kf4 Kg6 37. h4 d5+ 38. Be5 Bd8 39.
Bd4 Be7 40. Ke5 Bd8 {1-0 Fuchs,R-Vizantiadis,L/Vrnjacka Banja zt 1967/EXT 97})
7... Nf6 8. h3 O-O 9. Be3 e5 10. Nd2 Be6 11. Bc4 h6 12. Ne2 b6 13. Bxe6 fxe6
14. f4 exf4 15. Nxf4 Qe8 16. c3 d5 17. Kh1 g5 18. Ne2 dxe4 19. Nxe4 Nxe4 20.
Rxf8+ Bxf8 21. dxe4 Rd8 22. Qc2 Qd7 23. Re1 Ne5 24. Ng3 Qd3 25. Qb3 Nc4 26. Bf2
Bg7 27. Kg1 Be5 28. Nf1 Rf8 29. Ne3 Qd2 $2 (29... Bd4 $1 {Thipsay} 30. Ng4
Bxf2+ 31. Nxf2 Qg3 32. Qc2 (32. Re2 Ne3 33. Qxe6+ Kg7 34. Qe7+ Rf7 35. Nh1 Qf4
36. Qxf7+ (36. Qe6 Qf1+ 37. Kh2 Qxe2 38. Qe5+ Kf8 39. Qb8+ Ke7 40. Qc7+ Ke6 41.
Qc6+ Ke5 42. Qe8+ Kf6 43. Qh8+ Rg7 44. Qf8+ Kg6 45. Qe8+ Kh7 $19) 36... Qxf7
37. Rxe3 Qb3 $19) 32... Ne5 33. Ra1 Nf3+ 34. Kf1 Nh4 $19) 30. Nf5 $1 exf5 31.
Qxc4+ Kh8 32. exf5 Rxf5 33. Bg3 Qd6 34. Rxe5 Rxe5 35. Bxe5+ 1/2-1/2

[Event "FIDE-Wch k.o."]
[Site "Groningen"]
[Date "1997.12.30"]
[Round "7.5"]
[White "Anand, Viswanathan"]
[Black "Adams, Michael"]
[Result "1/2-1/2"]
[WhiteElo "2765"]
[BlackElo "2680"]
[Annotator "Mueller,Karsten"]
[PlyCount "100"]
[EventDate "1997.12.09"]
[EventType "k.o."]
[EventRounds "7"]
[EventCountry "NED"]
[SourceTitle "CBM 063"]
[Source "ChessBase"]
[SourceDate "1998.03.26"]
[SourceVersion "1"]
[SourceVersionDate "1998.03.26"]
[SourceQuality "1"]

1. e4 c6 2. d4 d5 3. exd5 cxd5 4. c4 Nf6 5. Nc3 e6 6. Nf3 Bb4 7. cxd5 Nxd5 8.
Qc2 Nc6 9. Bd3 Be7 10. a3 Nf6 (10... h6 $5 11. O-O O-O 12. Rd1 Bf6 13. Bh7+ Kh8
14. Be4 Qd6 $13 {"Bislang ist noch nichts besonderes passiert. Wenn Sie aber
Gefallen an außergewöhnlichen Manövern finden, sollten Sie auf jeden Fall
näher mit der Partie Olafsson,H-Tisdall,J/Reykjavik zt-plof 1995 (42)
beschäftigen. Dort überdeckt Schwarz mit Rd8 den Punkt d5 und mit Qf8 den
Bauern h6!"(P.Schlosser in CBM 56)}) 11. Be3 (11. O-O O-O 12. Rd1 a6 (12... h6
13. Bc4 Bd7 14. Be3 $6 (14. Qe2 $5) (14. Ba2 $5) (14. Ne5 $5) 14... Rc8 15.
Rac1 $6 $14 {1-0 Wahls,M-Mueller,K/Hamburg HSK (5) 1996/CBM 56/[Schlosser] (43)
} (15. Qe2 $1 Nb8 $140 16. d5 $32)) (12... g6 13. Bh6 Re8 14. Bc4 $14) (12...
Bd7 13. Ne5 a6 14. Be3 Qc7 15. Nxd7 Qxd7 $14 {1/2-1/2 Topalov,V-Yudasin,L/
Groningen PCA 1993 (24)}) 13. d5 exd5 14. Nxd5 Nxd5 15. Bxh7+ Kh8 16. Be4 Be6
17. Bxd5 Bxd5 18. Qf5 $16 {Topalov,V-Gausel,E/Moscow olm 1994/CBM 45/1-0 (65)})
11... O-O (11... Bd7 $6 12. O-O Rc8 13. Rfd1 O-O 14. Bg5 h6 15. Bf4 Qa5 16. Qd2
$1 {+/- Rechlis,G-Haba,P/Ostrava 1991/Inf 53 (16)}) 12. O-O-O $5 {eine
unorthodoxe Idee von Anand,} ({bekannt ist z.B.} 12. O-O Bd7 13. Rad1 Rc8 14.
Ne5 Be8 15. Qe2 $14 {Mortensen,E-Pedersen,E/Aarhus 1983/MCL 03/1/2-1/2 (73)})
12... Bd7 13. Ng5 (13. d5 $5 exd5 14. Nxd5 h6 (14... Nxd5 $2 15. Bxh7+ Kh8 16.
Rxd5 Rc8 17. Rh5 Nb4 18. axb4 Rxc2+ 19. Bxc2+ Kg8 {[%tqu "En","Can white play
for a win or is perpetual check the best he can get?","","","h1d1","White is
actually winning here!",6,"De","Muß Weiß sich mit Dauerschach begnügen?","","",
"h1d1","Nein!",6]} 20. Rd1 g6 (20... f5 21. Bb3+ Rf7 22. Rxd7 $18) (20... Qc8
21. Rxd7 Bxb4 22. Rhd5 $18) 21. Rhd5 $18) (14... Rc8 15. Kb1 Nxd5 $2 16. Bxh7+
Kh8 17. Rxd5 Nb4 18. Rxd7 Qxd7 19. Qf5 Qxf5+ 20. Bxf5 $16) 15. Nxe7+ Nxe7 16.
Kb1 $14) 13... h6 14. Nge4 (14. Nh7 $6 Re8 15. Nxf6+ Bxf6 16. d5 exd5 17. Nxd5
Ne5 {ist aus schwarzer Sicht vollkommen in Ordnung.}) (14. h4 Rc8 $13) 14...
Rc8 15. Kb1 Na5 16. Nc5 b6 17. Nxd7 Qxd7 18. Ba6 Rc7 19. Qd3 Nd5 20. Rc1 Nxc3+
21. Rxc3 Rxc3 22. Qxc3 Qd5 23. Rc1 Bf6 (23... Qxg2 $2 24. b4 Nb7 $2 25. Qc7 Qd5
26. Rc3 $18) 24. f3 Rd8 25. Rc2 Qb3 26. Qxb3 Nxb3 27. Rc7 Nxd4 (27... Bxd4 28.
Bxd4 Rxd4 (28... Nxd4 29. Rxa7 Nf5 30. Rb7) 29. Kc2 Nc5 30. Rxa7 {war Adams
angesichts der weißen Damenflügelmehrheit wohl zu riskant, so daß er lieber
den Springer behält und gegen das Läuferpaar weiterspielt.}) 28. Rxa7 g5 29.
Rb7 Rd6 30. Bc4 Be5 31. h3 Kg7 32. a4 Kf6 33. Bf2 h5 34. h4 Nf5 35. hxg5+ Kxg5
36. Bxb6 (36. Rxf7 Rd2 (36... Kg6 $5) 37. Bxe6 Bf6 38. Bxf5 Rxb2+ 39. Kc1 Rxf2
$14) 36... Rd2 37. g4 $2 {danach schrumpft das weiße Gewinnpotential auf den
a-Bauern zusammen} (37. Bc7 $5 Bxc7 (37... Rd7 $2 38. f4+ $3 $18) 38. Rxc7 Kf6
(38... Rxg2 $2 39. Rxf7 $18) 39. a5 {und es ist nur die Frage, ob Weiß gewinnt
oder nicht.}) 37... hxg4 38. fxg4 Rxb2+ 39. Kc1 Kxg4 40. a5 Nd6 41. Rc7 Nxc4
42. Rxc4+ Kf5 43. Ra4 Rg2 44. a6 Rg8 45. a7 Ra8 46. Kc2 Bb8 $5 {forciert das
Remis bevor etwas anbrennen kann} 47. axb8=Q Rxb8 48. Be3 e5 49. Kd3 Rb3+ 50.
Ke2 f6 {zwar wäre selbst R+B gegen R theoretisch remis, aber Weiß ist hier
nicht einmal in der Lage, die beiden verbliebenen schwarzen Bauern zu erobern.}
1/2-1/2

[Event "Madras sim"]
[Site "Madras"]
[Date "1998.??.??"]
[Round "?"]
[White "Anand, Viswanathan"]
[Black "Panchanathan, Magesh Chandran"]
[Result "1-0"]
[WhiteElo "2770"]
[BlackElo "2285"]
[PlyCount "73"]
[EventDate "1998.??.??"]
[EventType "simul"]
[EventRounds "1"]
[EventCountry "IND"]
[SourceTitle "EXT 2000"]
[Source "ChessBase"]
[SourceDate "1999.11.16"]
[SourceVersion "1"]
[SourceVersionDate "1999.11.16"]
[SourceQuality "1"]

1. e4 e5 2. Nf3 Nf6 3. d4 Nxe4 4. Bd3 d5 5. Nxe5 Be7 6. O-O Nc6 7. Nxc6 bxc6 8.
Re1 O-O 9. c4 Bf6 10. Be3 Re8 11. Nc3 Nxc3 12. bxc3 dxc4 13. Bxc4 Be6 14. Bxe6
Rxe6 15. Rb1 Qd5 16. Qa4 Rae8 17. Qxa7 Bg5 18. Rb8 Qd7 19. Rxe8+ Rxe8 20. a4 f5
21. Qc5 h6 22. Qc4+ Kh8 23. Kf1 f4 24. Bd2 f3 25. Rxe8+ Qxe8 26. Bxg5 fxg2+ 27.
Kxg2 Qe4+ 28. f3 Qg6 29. Qc5 hxg5 30. Kg3 Qb1 31. Qxc6 Qg1+ 32. Kh3 g4+ 33.
fxg4 Qf1+ 34. Kh4 Qf2+ 35. Kg5 Qxh2 36. Qe8+ Kh7 37. Qh5+ 1-0

[Event "Madras sim"]
[Site "Madras"]
[Date "1998.??.??"]
[Round "?"]
[White "Anand, Viswanathan"]
[Black "Ramaswamy, Aarthie"]
[Result "1-0"]
[WhiteElo "2770"]
[BlackElo "2035"]
[PlyCount "89"]
[EventDate "1998.??.??"]
[EventType "simul"]
[EventRounds "1"]
[EventCountry "IND"]
[SourceTitle "EXT 2000"]
[Source "ChessBase"]
[SourceDate "1999.11.16"]
[SourceVersion "1"]
[SourceVersionDate "1999.11.16"]
[SourceQuality "1"]

1. d4 Nf6 2. c4 g6 3. Nc3 Bg7 4. e4 d6 5. Nf3 O-O 6. Be2 e5 7. O-O Nc6 8. d5
Ne7 9. b4 Nd7 10. c5 f5 11. Ng5 Nf6 12. f3 h6 13. Ne6 Bxe6 14. dxe6 d5 15. exd5
Nexd5 16. Nxd5 Qxd5 17. Qxd5 Nxd5 18. Bc4 c6 19. Rd1 Rfd8 20. b5 Kf8 21. bxc6
bxc6 22. Rb1 Nc3 23. e7+ Kxe7 24. Rb7+ Ke8 25. Rd6 Rxd6 26. cxd6 Bf6 27. Bf7+
Kd8 28. Bxh6 Nb5 29. Be6 Nd4 30. Bc4 Rc8 31. Rf7 Bh4 32. Ba6 Ne6 33. Bxc8 Kxc8
34. Rxa7 Bd8 35. Kf1 c5 36. Be3 c4 37. Ra4 Kd7 38. Rxc4 Kxd6 39. a4 Kd5 40. Rc1
e4 41. fxe4+ Kxe4 42. Bf2 Bc7 43. h3 g5 44. Ra1 Ba5 45. Be1 1-0

[Event "Madras sim"]
[Site "Madras"]
[Date "1998.??.??"]
[Round "?"]
[White "Anand, Viswanathan"]
[Black "Sundararajan, Kidambi"]
[Result "1-0"]
[WhiteElo "2770"]
[BlackElo "2245"]
[PlyCount "129"]
[EventDate "1998.??.??"]
[EventType "simul"]
[EventRounds "1"]
[EventCountry "IND"]
[SourceTitle "EXT 2000"]
[Source "ChessBase"]
[SourceDate "1999.11.16"]
[SourceVersion "1"]
[SourceVersionDate "1999.11.16"]
[SourceQuality "1"]

1. e4 e5 2. Nf3 Nc6 3. Bc4 Bc5 4. c3 Bb6 5. d4 Qe7 6. O-O d6 7. a4 a6 8. h3 Nf6
9. Re1 O-O 10. Bg5 h6 11. Bh4 Kh7 12. b4 Rg8 13. Nbd2 g5 14. Bg3 g4 15. hxg4
Bxg4 16. a5 Ba7 17. b5 axb5 18. Bxb5 Nh5 19. a6 Bb6 20. axb7 Rxa1 21. Qxa1 Nb8
22. Bh4 Qe6 23. Re3 Bh3 24. g3 Nf4 25. Bc4 Qd7 26. Bf1 Bxf1 27. Qxf1 Nc6 28.
Kh2 Ng6 29. Qb5 exd4 30. cxd4 Nce5 31. Qxd7 Nxd7 32. Nc4 Rb8 33. Nxb6 Nxb6 34.
Rc3 Nxh4 35. Nxh4 Rxb7 36. Kh3 Nd7 37. Nf5 Nf8 38. g4 Ne6 39. Kg3 Kg6 40. f3 h5
41. d5 Nc5 42. gxh5+ Kxh5 43. Kf4 Kg6 44. Rc2 Rb3 45. Kg4 Nd7 46. Nh4+ Kf6 47.
Rxc7 Ne5+ 48. Kg3 Kg5 49. Rc8 Ra3 50. Rd8 Nc4 51. Rg8+ Kf6 52. Kf4 Ne5 53. Rd8
Nd3+ 54. Kg3 Ke5 55. Rh8 Nc5 56. Rh5+ Kf6 57. Kg4 Nd3 58. Rh8 Nf2+ 59. Kf4 Nd3+
60. Kg3 Ne5 61. Rh6+ Ng6 62. Nxg6 fxg6 63. Rh7 g5 64. Rh6+ Ke7 65. Re6+ 1-0

[Event "Madras sim"]
[Site "Madras"]
[Date "1998.??.??"]
[Round "?"]
[White "Anand, Viswanathan"]
[Black "Venkatesh, Marani Rajendran"]
[Result "1/2-1/2"]
[WhiteElo "2770"]
[BlackElo "2190"]
[PlyCount "51"]
[EventDate "1998.??.??"]
[EventType "simul"]
[EventRounds "1"]
[EventCountry "IND"]
[SourceTitle "EXT 2000"]
[Source "ChessBase"]
[SourceDate "1999.11.16"]
[SourceVersion "1"]
[SourceVersionDate "1999.11.16"]
[SourceQuality "1"]

1. d4 Nf6 2. c4 g6 3. Nc3 d5 4. Bf4 Bg7 5. e3 O-O 6. Rc1 c6 7. Nf3 Bf5 8. Qb3
Qb6 9. c5 Qxb3 10. axb3 Nbd7 11. b4 a6 12. h3 Rfe8 13. Bh2 Ne4 14. Na4 g5 15.
Ne5 Nef6 16. g4 Bg6 17. Rg1 Nxe5 18. Bxe5 Nd7 19. Bxg7 Kxg7 20. Kd2 f6 21. f4
gxf4 22. exf4 e5 23. dxe5 fxe5 24. f5 Bf7 25. Re1 Rad8 26. Nb6 1/2-1/2

[Event "FIDE-Wch k.o. f 25'"]
[Site "Lausanne"]
[Date "1998.01.09"]
[Round "8.8"]
[White "Anand, Viswanathan"]
[Black "Karpov, Anatoly"]
[Result "0-1"]
[WhiteElo "2765"]
[BlackElo "2745"]
[Annotator "Avrukh,B"]
[PlyCount "64"]
[EventDate "1998.01.09"]
[EventType "match (rapid)"]
[EventRounds "2"]
[EventCountry "SUI"]
[SourceTitle "CBM 063"]
[Source "ChessBase"]
[SourceDate "1998.03.26"]
[SourceVersion "1"]
[SourceVersionDate "1998.03.26"]
[SourceQuality "1"]

1. d4 {Ftacnik Tyomkin,D} d5 2. Bg5 h6 3. Bh4 c6 4. Nf3 Qb6 5. b3 Bf5 6. e3 Nd7
7. Bd3 Bxd3 8. Qxd3 e6 (8... e5 {Ftacnik} 9. dxe5 Qb4+ 10. Nbd2 Nxe5 11. Nxe5
Qxh4 12. O-O Bd6 13. Nef3 Qh5 14. e4 Ne7 15. exd5 Qxd5 16. Qxd5 cxd5 17. c4 {
1/2-1/2 Dumitrescu,D-Liiva,R/Dresden-U20 1994}) 9. c4 $146 (9. O-O {Avrukh,B}
Be7 10. Bxe7 Nxe7 11. c4 O-O 12. Nc3 (12. Nbd2 c5 13. e4 dxe4 14. Nxe4 cxd4 15.
Qxd4 Qxd4 16. Nxd4 Rfd8 17. Rfd1 Nf6 18. Nxf6+ gxf6 19. Nb5 Nc6 20. g3 {
1-0 Dumitrescu,D-Meduna,E/Pardubice op 1995 (36)}) 12... Qa6 (12... Rfd8 13.
Rfd1 Qa6 (13... Nf6 14. Rac1 Ng6 15. h3 Qb4 16. Qb1 Qe7 17. cxd5 cxd5 18. Ne5
Nxe5 19. dxe5 Nd7 20. f4 f6 21. exf6 Nxf6 {1/2-1/2 Adams,M-Dautov,R/EU-chTM
1997 (36)}) 14. Rac1 Nf5 15. Qb1 Ne7 16. e4 dxe4 17. Nxe4 $14 {() Hodgson,
J-Sergejev,R/EU-chTM 1997/1/2-1/2 (69)}) (12... Rad8 {Ftacnik} 13. cxd5 cxd5
14. Rac1 Rc8 15. Qb5 Rc6 16. Qxb6 axb6 17. Rfd1 Rfc8 18. Ne2 Nf5 19. Ne1 Kf8
20. Nd3 {Ganter,T-Birk,S/OLWuert 1995/1/2-1/2 (50)}) 13. Rfd1 (13. Rfc1 Rfd8
14. Qf1 dxc4 15. bxc4 c5 16. a4 Qc6 17. a5 Rdc8 18. Rab1 a6 19. Qd1 cxd4 20.
Nxd4 Qc7 21. Ne4 $11 {Hodgson,J-Akopian,V/Koop Tjuchem, Groningen NED 1996/1/
2-1/2(44)}) 13... Nb6 (13... Rfd8 14. a4 (14. Rac1 Nf5 15. Qb1 Ne7 16. e4 dxe4
17. Nxe4 Qa5 18. c5 Qc7 19. Nd6 b6 20. b4 a5 21. b5 Rab8 22. Ne5 Nxe5 23. dxe5
bxc5 24. Rxc5 {Hodgson,J-Sergejev,R/EU-chTM 1997/1/2-1/2 (69)}) 14... dxc4 15.
bxc4 c5 16. Nb5 Rac8 17. d5 exd5 18. cxd5 c4 19. Qe4 $14 {Kuporosov,V-Yagupov,
I/RUS-Cup7 1997/1-0(30)}) 14. Rdc1 dxc4 15. Qf1 Nd7 (15... cxb3 $2 16. Qxa6
bxa6 17. axb3 $16 {[%csl Ra6,Rc6]}) 16. bxc4 c5 17. d5 Rad8 18. Rab1 exd5 19.
cxd5 Qxf1+ 20. Kxf1 b6 21. a4 f5 22. a5 Nc8 23. Nb5 bxa5 24. Nc7 Rf7 25. Rb5
Ncb6 26. Rxa5 $16 {Hodgson,J-Adianto,U/Amsterdam Donner 1996/1-0(47)}) (9. Nbd2
{Ftacnik} Ngf6 10. O-O Be7 11. c4 O-O 12. Ne5 Rfe8 13. c5 Qc7 14. f4 Nxe5 15.
fxe5 Nd7 16. Bg3 Qd8 17. b4 f6 18. Nf3 fxe5 19. Bxe5 Bf6 20. Bxf6 Qxf6 21. b5
e5 22. bxc6 Qxc6 23. Qf5 {1/2-1/2 Tibensky,R-Jagodzinski,W/Zinnowitz tt 1981 
(40)}) 9... Ne7 $5 {[%cal Ge7f5]} (9... Be7 10. Bxe7 Nxe7 11. O-O {-9.0-0}) 10.
c5 $6 (10. O-O {Ftacnik} Nf5 11. Nbd2 Nxh4 12. Nxh4 $11) 10... Qa5+ 11. Nc3 (
11. Qd2 {Ftacnik} Qxd2+ 12. Nbxd2 Nf5 $15) 11... b6 $15 12. b4 $4 {I suppose
Anand made this move under impression of the first "active" game where he
blundered twice in winning position.After the first sacrifice white sacrificed
the second pawn, but didn't get any compensation. Ftacnik: The indian
grandmaster was very tired, otherwise it is quite difficult to explain his
erratic performance in this last game.} (12. cxb6 axb6 13. O-O Nf5 $15) 12...
Qxb4 $17 {/-+} 13. O-O Nf5 ({or} 13... bxc5) 14. Rfc1 (14. Rfb1 {Ftacnik} Qa5
$17) 14... bxc5 15. Rab1 c4 (15... Qa5 {Ftacnik} 16. Qd2 Nxh4 17. Nxh4 cxd4 18.
exd4 Ba3 $19) 16. Qc2 (16. Rxb4 {Ftacnik} cxd3 17. Rb7 Bd6 $19) 16... Qa5 17.
Rb7 Qa6 18. Rcb1 Bd6 {[%cal Ga8b8]} 19. e4 {Ftacnik: White has "sacrificed"
two pawns, but has very little to show for them.} (19. Na4 {Ftacnik} Nxh4 20.
Nxh4 Rd8 $19) 19... Nxh4 20. Nxh4 Rb8 21. Rxb8+ Bxb8 22. exd5 cxd5 23. Ng6 $5 {
Otherwise black will castle! Ftacnik: Under normal circumstances white
position is completely lost. This sacrifice is not spoiling anything and white
can at least pretend to be fighting on.} (23. Nf3 {Ftacnik} O-O $19) 23... fxg6
24. Qxg6+ Kd8 ({or} 24... Kf8) (24... Kf8 {Ftacnik} 25. Nxd5 Qd6 26. Ne3 Qxh2+
$19) 25. Qxg7 (25. Nxd5 {Ftacnik} Qd6 $19) 25... Re8 26. Qxh6 Qa5 27. Qg5+ Kc8
28. Qg6 Rf8 (28... Rh8 {[%csl Rh2]}) 29. Rc1 (29. Ne2 {Ftacnik} Qxa2 $19) 29...
Qb6 {[%cal Rb6b2]} 30. Ne2 e5 31. Qh5 Qf6 32. Rf1 Rh8 {[%cal Re5d4] And Karpov
defended his title of FIDE World Champion.} (32... Rh8 {Ftacnik} 33. Qg4 exd4
$19) 0-1